Polymérne nosiče modifikované cyklodextrínmi

Saved in:
Bibliographic Details
Main Author: Michalovýchová, Petra
Format: Book
Language:Slovak
Published: Bratislava STU FCHPT 2011
Online Access:View in OPAC
Tags: Add Tag
No Tags, Be the first to tag this record!

MARC

LEADER 00000nam a2200000 a 4500
005 20260127134246.0
008 110629 2011 xo 000 0 slo d
035 |a vtls010289369 
039 9 |y 201106290926  |z mschk03 
040 |a STUSCHK1  |b slo  |c STUSCHK1  |e AACR2 
100 1 |a Michalovýchová, Petra 
245 1 |a Polymérne nosiče modifikované cyklodextrínmi  |c Petra Michalovýchová 
260 |a Bratislava  |b STU FCHPT  |c 2011 
300 |a 83 s.  |b il.  |c 30cm 
500 |a Obháj.: 7.6. 2011 
500 |a Študijný program: prírodné a syntetické polyméry 
500 |a Študijný odbor: 5.2.18 chemické technológie 
500 |a Miesto vypracovania: Oddelenie plastov a kaučuku, FCHPT 
500 |a Evidenčné číslo: FCHPT-13576-26072 
910 |a SCHK95 
999 |c 8073  |d 8073